书目信息 |
| 题名: |
生成课程
|
|
| 作者: | 尼莫 , 琼斯 著 ;周欣 , 卢乐珍 , 王滨 译 | |
| 分册: | ||
| 出版信息: | 上海 华东师范大学出版社 2004 |
|
| 页数: | 254页 | |
| 开本: | 23cm | |
| 丛书名: | 当代学前教育译丛 | |
| 单 册: | ||
| 中图分类: | G619.712 | |
| 科图分类: | ||
| 主题词: | 学前教育--教学研究--美国 | |
| 电子资源: | ||
| ISBN: | 7-5617-3678-9 | |
| 000 | 01554nam0 2200385 450 | |
| 000 | 01517nam0 2200373 450 | |
| 000 | 01515nam0 2200385 450 | |
| 000 | 01461nam0 2200361 450 | |
| 000 | 01490nam0 2200349 450 | |
| 000 | 01453nam0 2200337 45 | |
| 001 | TS2006038530 | |
| 005 | 20061211090922.82 | |
| 010 | @a7-5617-3678-9@dCNY30.00 | |
| 100 | @a20060829d2004 em y0chiy0120 ea | |
| 101 | 1 | @achi@ceng |
| 102 | @aCN@b310000 | |
| 105 | @aa z 000yy | |
| 200 | 1 | @a生成课程@ASheng Cheng Ke Cheng@dEmergent Curriculum@f( )伊丽莎白·琼斯(Elizabeth Jones),( )约翰·尼莫(John Nimmo)著@F( ) Yi Li Sha Bai· Qiong Si (Elizabeth Jones),( ) Yue Han· Ni Mo (John Nimmo) Zhu@g周欣, 卢乐珍, 王滨等译@zeng |
| 210 | @a上海@c华东师范大学出版社@d2004 | |
| 215 | @a254页@c图@d23cm | |
| 225 | 2 | @a当代学前教育译丛 |
| 330 | @a本书创造性地、生动地展现了美国西部的一个儿童日托中心一年中实施生成课程的一个动态过程的完整实录、教育幼儿的最好设计方案。 | |
| 410 | 0 | @12001 @a当代学前教育译丛 |
| 510 | 1 | @aEmergent Curriculum@zeng |
| 606 | 0 | @a学前教育@x教学研究@y美国 |
| 690 | @aG619.712@v4 | |
| 701 | 0 | @c(澳)@a尼莫@ANi Mo@c(Nimmo, John)@4著 |
| 701 | 0 | @c(美)@a琼斯@AQiong Si@c(女,Jones, Elizabeth)@4著 |
| 702 | 0 | @a周欣@AZhou Xin@c(翻译)@4译 |
| 702 | 0 | @a卢乐珍@ALu Le Zhen@c(幼儿教育)@4译 |
| 702 | 0 | @a王滨@AWang Bin@c(女,@f1964~)@4译 |
| 801 | 0 | @aCN@b中图数据@c20061211 |
| 905 | @a10447@dG619.712@e112 | |
| 生成课程=Emergent Curriculum/( )伊丽莎白·琼斯(Elizabeth Jones),( )约翰·尼莫(John Nimmo)著/周欣, 卢乐珍, 王滨等译.-上海:华东师范大学出版社,2004 |
| 254页:图;23cm.-(当代学前教育译丛) |
| ISBN 7-5617-3678-9:CNY30.00 |
| 本书创造性地、生动地展现了美国西部的一个儿童日托中心一年中实施生成课程的一个动态过程的完整实录、教育幼儿的最好设计方案。 |
| ● |
| 相关链接 |
|
|
|
|
正题名:生成课程
索取号:G619.712/112
 
预约/预借
| 序号 | 登录号 | 条形码 | 馆藏地/架位号 | 状态 | 备注 |
| 1 | 0602863 | 206028635 | 第一样本阅览室/ [索取号:G619.712/112] | 在馆 | |
| 2 | 0602864 | 206028644 | 教育系资料室/ [索取号:G619.712/112] | 在馆 | |
| 3 | 0602865 | 206028653 | 教育系资料室/ [索取号:G619.712/112] | 在馆 | |
| 4 | 0602866 | 206028662 | 第四借阅区/ [索取号:G619.712/112] | 在馆 | |
| 5 | 0602867 | 206028671 | 教育系资料室/ [索取号:G619.712/112] | 在馆 | |
| 6 | 0602868 | 206028680 | 第四借阅区/ [索取号:G619.712/112] | 在馆 |